Probability and statistics for engineering and the sciences (Record no. 5735)

000 -LEADER
fixed length control field 00550nam a22002057a 4500
001 - CONTROL NUMBER
control field 5735
003 - CONTROL NUMBER IDENTIFIER
control field BD-DhUET
008 - FIXED-LENGTH DATA ELEMENTS--GENERAL INFORMATION
fixed length control field 141128b xxu||||| |||| 00| 0 eng d
020 ## - INTERNATIONAL STANDARD BOOK NUMBER
International Standard Book Number 0818505141
040 ## - CATALOGING SOURCE
Transcribing agency 0
Modifying agency BD-DhUIET
082 ## - DEWEY DECIMAL CLASSIFICATION NUMBER
Classification number 519.5
Item number DEV/1982
100 ## - MAIN ENTRY--PERSONAL NAME
Personal name Devore, Jay L.
245 ## - TITLE STATEMENT
Title Probability and statistics for engineering and the sciences
Statement of responsibility, etc. by Jay L. Devore
250 ## - EDITION STATEMENT
Edition statement 1st ed
260 ## - PUBLICATION, DISTRIBUTION, ETC. (IMPRINT)
Place of publication, distribution, etc. California
Name of publisher, distributor, etc. Brooks/Cole Publishing
Date of publication, distribution, etc. 1982
300 ## - PHYSICAL DESCRIPTION
Extent xii,640p.
504 ## - BIBLIOGRAPHY, ETC. NOTE
Bibliography, etc Includes bibliographies
650 #0 - SUBJECT ADDED ENTRY--TOPICAL TERM
Topical term or geographic name as entry element Probilities
942 ## - ADDED ENTRY ELEMENTS (KOHA)
Koha item type General Book
Holdings
Shelving location Koha date last seen Koha normalized classification for sorting Location (home branch) Price effective from Lost status Not for loan Koha full call number Date acquired Koha item type Damaged status Copy number Withdrawn status Koha date last borrowed Koha issues (times borrowed) Source of classification or shelving scheme Piece designation (barcode) Sublocation or collection (holding branch)
Circulation section2023-06-21519_500000000000000_DEV_1982Central Library, BUET2014-11-28  519.5/DEV/19822014-11-28General Book 1 2023-06-071 70579Central Library, BUET
Circulation section2014-11-28519_500000000000000_DEV_1982Central Library, BUET2014-11-28  519.5/DEV/19822014-11-28General Book 2    70580Central Library, BUET